Catálogo
 En Linea

Sociedad : (Registro nro. 12571)

Detalles MARC
000 -CABECERA
campo de control de longitud fija 02457nam a2200421 a 4500
001 - NÚMERO DE CONTROL
campo de control 000012923
005 - FECHA Y HORA DE LA ÚLTIMA TRANSACCIÓN
campo de control 20200929163112.0
008 - DATOS DE LONGITUD FIJA--INFORMACIÓN GENERAL
campo de control de longitud fija 091118s2001 dr abc 000 0 spa d
020 ## - NÚMERO INTERNACIONAL ESTÁNDAR DEL LIBRO
Número Internacional Estándar del Libro 8482613669 (v. 1)
020 ## - NÚMERO INTERNACIONAL ESTÁNDAR DEL LIBRO
Número Internacional Estándar del Libro 8482613634 (v. 2)
020 ## - NÚMERO INTERNACIONAL ESTÁNDAR DEL LIBRO
Número Internacional Estándar del Libro 8482613642 (v. 3)
020 ## - NÚMERO INTERNACIONAL ESTÁNDAR DEL LIBRO
Número Internacional Estándar del Libro 8482613650 (v. 4)
040 ## - FUENTE DE LA CATALOGACIÓN
Centro catalogador/agencia de origen DO-SdBNP
Lengua de catalogación spa
Centro/agencia transcriptor BNPHU
082 ## - NÚMERO DE LA CLASIFICACIÓN DECIMAL DEWEY
Número de clasificación 372.83
Número de documento/Ítem S678
245 00 - MENCIÓN DE TÍTULO
Título Sociedad :
Resto del título educación media /
Mención de responsabilidad, etc. Ignacio Aybar, [et.al]...; dirección editorial Obdulia García de Escobar; ilustración Ruddy Núñez; fotografía Carlos Diez Polanco, Ricardo Briones.
260 ## - PUBLICACIÓN, DISTRIBUCIÓN, ETC.
Lugar de publicación, distribución, etc. Santo Domingo :
Nombre del editor, distribuidor, etc. Santillana,
Fecha de publicación, distribución, etc. 2001.
300 ## - DESCRIPCIÓN FÍSICA
Extensión v. :
Otras características físicas il., maps., retrs. ;
Dimensiones 28 cm.
490 1# - MENCIÓN DE SERIE
Mención de serie Umbral
505 0# - NOTA DE CONTENIDO CON FORMATO
Información miscelánea v. 1 :
Título Historia y geografía universal --
-- La historia y el origen de la humanidad --
-- Las primeras civilizaciones --
-- Del feudalismo al capitalismo --
-- El mundo contemporáneo --
-- Descubre tu planeta... la tierra --
-- Geografía humana: población y espacio humanizado --
505 0# - NOTA DE CONTENIDO CON FORMATO
Información miscelánea v. 2 :
Título Historia y geografía de América --
-- América precolombina y Europa en el siglo XV --
-- Descubrimiento y colonización --
-- Las independencias americanas --
-- América en el siglo XX --
-- Descubre tu continente... América --
-- La población y el espacio organizado --
505 0# - NOTA DE CONTENIDO CON FORMATO
Información miscelánea v. 3 :
Título Historia y geografía de la República Dominicana --
-- La colonización en la isla de Santo Domingo --
-- Emancipación y vida republicana --
-- La formación del estado moderno --
-- La primera mitad del siglo XX --
-- Descubre nuestro país... --
505 0# - NOTA DE CONTENIDO CON FORMATO
Información miscelánea v. 4 :
Título La República Dominicana hoy --
-- Luchas democráticas y procesos políticos --
-- Política y sociedad a partir de 1965 --
-- El espacio económico y la población --
-- La República Dominicana y la globalización --
500 ## - NOTA GENERAL
Nota general Educación media
650 #4 - PUNTO DE ACCESO ADICIONAL DE MATERIA--TÉRMINO DE MATERIA
Término de materia o nombre geográfico como elemento de entrada Historia dominicana
Subdivisión general Enseñanza secundaria
9 (RLIN) 29823
650 #4 - PUNTO DE ACCESO ADICIONAL DE MATERIA--TÉRMINO DE MATERIA
Término de materia o nombre geográfico como elemento de entrada Historia
Subdivisión general Libro de texto
9 (RLIN) 29824
650 #4 - PUNTO DE ACCESO ADICIONAL DE MATERIA--TÉRMINO DE MATERIA
Término de materia o nombre geográfico como elemento de entrada Ciencias sociales
Subdivisión general Enseñanza secundaria
9 (RLIN) 29825
700 1# - PUNTO DE ACCESO ADICIONAL--NOMBRE DE PERSONA
Nombre de persona Briones, Ricardo
Término indicativo de función/relación fot.
9 (RLIN) 29826
700 1# - PUNTO DE ACCESO ADICIONAL--NOMBRE DE PERSONA
Nombre de persona Aybar, Ignacio
9 (RLIN) 29767
700 1# - PUNTO DE ACCESO ADICIONAL--NOMBRE DE PERSONA
Nombre de persona Capellán Almonte, Fanny
9 (RLIN) 29766
700 1# - PUNTO DE ACCESO ADICIONAL--NOMBRE DE PERSONA
Nombre de persona Escobar, Manuel
9 (RLIN) 29827
700 1# - PUNTO DE ACCESO ADICIONAL--NOMBRE DE PERSONA
Nombre de persona Diez Polanco, Carlos
Término indicativo de función/relación fot.
9 (RLIN) 29828
700 1# - PUNTO DE ACCESO ADICIONAL--NOMBRE DE PERSONA
Nombre de persona Lora, Quisqueya
9 (RLIN) 29829
700 1# - PUNTO DE ACCESO ADICIONAL--NOMBRE DE PERSONA
Nombre de persona Morales, Marcos
9 (RLIN) 29769
700 1# - PUNTO DE ACCESO ADICIONAL--NOMBRE DE PERSONA
Nombre de persona De la Cruz, María Ramona
9 (RLIN) 29830
700 1# - PUNTO DE ACCESO ADICIONAL--NOMBRE DE PERSONA
Nombre de persona Garca Escobar, Obdulia,
Término indicativo de función/relación dir. ed.
9 (RLIN) 29770
700 1# - PUNTO DE ACCESO ADICIONAL--NOMBRE DE PERSONA
Nombre de persona Núñez, Ruddy,
Término indicativo de función/relación il.
9 (RLIN) 23171
830 #0 - PUNTO DE ACCESO ADICIONAL DE SERIE-TÍTULO UNIFORME
Título uniforme Umbral
9 (RLIN) 29222
Existencias
Estado de retiro Estado de pérdida No para préstamo Código de colección Localización permanente Ubicación/localización actual Ubicación en estantería Fecha de adquisición Número de inventario Total de préstamos Signatura topográfica completa Código de barras Fecha visto por última vez Precio válido a partir de Tipo de ítem Koha
    Excluido de préstamo Patrimonio Dominicano Patrimonio Dominicano Patrimonio Dominicano En catalogación 18.11.2009 LF1   372.83 S678 12923-10 25.06.2020 25.06.2020 Libro y Folleto Colección Patrimonio Dominicano

Con tecnología Koha